[Event "MCR_KT34"]
[Site "?"]
[Date "2007.??.??"]
[Round "?"]
[White "Stepan, Josef"]
[Black "Zachoval, Milan"]
[Result "1/2-1/2"]
[WhiteElo "1600"]
[BlackElo "1600"]
[PlyCount "26"]
[EventDate "2007.??.??"]
[EventType "corr"]
[EventRounds "2"]
[SourceDate "2007.05.01"]

1. d4 Nf6 2. c4 e6 3. Nc3 Bb4 4. e3 O-O 5. Bd3 d5 6. Nf3 b6 7. O-O Bb7 8. Bd2
Nbd7 9. a3 Bd6 10. cxd5 exd5 11. Qc2 a6 12. e4 dxe4 13. Nxe4 Nxe4 1/2-1/2

[Event "MCR_KT34"]
[Site "?"]
[Date "2007.??.??"]
[Round "?"]
[White "Zachoval, Milan"]
[Black "Stepan, Josef"]
[Result "1/2-1/2"]
[WhiteElo "1600"]
[BlackElo "1600"]
[PlyCount "25"]
[EventDate "2007.??.??"]
[EventType "corr"]
[EventRounds "2"]
[SourceDate "2007.05.01"]

1. d4 Nf6 2. c4 g6 3. Nc3 Bg7 4. e4 d6 5. f3 O-O 6. Be3 e5 7. d5 Nbd7 8. Qd2 c6
9. Bd3 Nb6 10. Nge2 cxd5 11. cxd5 Bd7 12. O-O Nc8 13. Bh6 1/2-1/2

[Event "MCR_KT34"]
[Site "?"]
[Date "2007.??.??"]
[Round "?"]
[White "Vins, Karel"]
[Black "Zachoval, Milan"]
[Result "1/2-1/2"]
[WhiteElo "1732"]
[BlackElo "1600"]
[PlyCount "26"]
[EventDate "2007.??.??"]
[EventType "corr"]
[EventRounds "2"]
[SourceDate "2007.05.01"]

1. d4 Nf6 2. c4 e6 3. Nc3 Bb4 4. Qc2 O-O 5. a3 Bxc3+ 6. Qxc3 b6 7. f3 Bb7 8. e4
d6 9. Bd3 Nbd7 10. Ne2 c5 11. d5 e5 12. Ng3 h6 13. Be3 a5 1/2-1/2

[Event "MCR_KT34"]
[Site "?"]
[Date "2007.??.??"]
[Round "?"]
[White "Zachoval, Milan"]
[Black "Vins, Karel"]
[Result "1/2-1/2"]
[WhiteElo "1600"]
[BlackElo "1732"]
[PlyCount "23"]
[EventDate "2007.??.??"]
[EventType "corr"]
[EventRounds "2"]
[SourceDate "2007.05.01"]

1. e4 e5 2. Nf3 Nc6 3. Bb5 a6 4. Ba4 Nf6 5. O-O Be7 6. Re1 b5 7. Bb3 d6 8. h3
O-O 9. c3 h6 10. d4 exd4 11. cxd4 Na5 12. Bc2 1/2-1/2

[Event "MCR_KT34"]
[Site "?"]
[Date "2007.??.??"]
[Round "?"]
[White "Zachoval, Milan"]
[Black "Petricek, Jiri"]
[Result "1/2-1/2"]
[WhiteElo "1600"]
[BlackElo "1502"]
[PlyCount "27"]
[EventDate "2007.??.??"]
[EventType "corr"]
[EventRounds "2"]
[SourceDate "2007.05.01"]

1. e4 e5 2. Nf3 Nc6 3. Bb5 a6 4. Ba4 Nf6 5. O-O Nxe4 6. d4 exd4 7. Re1 f5 8.
Nxd4 Nxd4 9. Qxd4 b5 10. Bb3 Bb7 11. f3 Qe7 12. fxe4 fxe4 13. c3 c5 14. Qf2
1/2-1/2

[Event "MCR_KT34"]
[Site "?"]
[Date "2007.??.??"]
[Round "?"]
[White "Petricek, Jiri"]
[Black "Zachoval, Milan"]
[Result "1/2-1/2"]
[WhiteElo "1502"]
[BlackElo "1600"]
[PlyCount "28"]
[EventDate "2007.??.??"]
[EventType "corr"]
[EventRounds "2"]
[SourceDate "2007.05.01"]

1. e4 c5 2. Nf3 d6 3. d4 cxd4 4. Nxd4 Nf6 5. Nc3 g6 6. Bb5+ Bd7 7. O-O Bg7 8.
Re1 O-O 9. Nf3 Nc6 10. Nd5 Rc8 11. c3 a6 12. Bd3 Nxd5 13. exd5 Ne5 14. Nxe5
Bxe5 1/2-1/2

[Event "MCR_KT34"]
[Site "?"]
[Date "2007.??.??"]
[Round "?"]
[White "Lucan, Zdenko"]
[Black "Zachoval, Milan"]
[Result "1/2-1/2"]
[WhiteElo "1751"]
[BlackElo "1600"]
[PlyCount "24"]
[EventDate "2007.??.??"]
[EventType "corr"]
[EventRounds "2"]
[SourceDate "2007.05.01"]

1. b3 e5 2. Bb2 Nc6 3. c4 Nf6 4. e3 d5 5. cxd5 Nxd5 6. Nc3 Nxc3 7. Bxc3 Bd6 8.
Bb5 Bd7 9. Bxc6 Bxc6 10. Ne2 Qe7 11. O-O O-O 12. d3 f5 1/2-1/2

[Event "MCR_KT34"]
[Site "?"]
[Date "2007.??.??"]
[Round "?"]
[White "Zachoval, Milan"]
[Black "Lucan, Zdenko"]
[Result "1/2-1/2"]
[WhiteElo "1600"]
[BlackElo "1751"]
[PlyCount "21"]
[EventDate "2007.??.??"]
[EventType "corr"]
[EventRounds "2"]
[SourceDate "2007.05.01"]

1. e4 g6 2. d4 Nf6 3. Nc3 d6 4. Nf3 Bg4 5. Be3 Bg7 6. Be2 O-O 7. O-O c6 8. a4
Nbd7 9. Qd2 e5 10. Bh6 Bxf3 11. Bxg7 1/2-1/2

[Event "MCR_KT34"]
[Site "?"]
[Date "2007.??.??"]
[Round "?"]
[White "Stepan, Josef"]
[Black "Vins, Karel"]
[Result "1/2-1/2"]
[WhiteElo "1600"]
[BlackElo "1732"]
[PlyCount "65"]
[EventDate "2007.??.??"]
[EventType "corr"]
[EventRounds "2"]
[SourceDate "2007.05.01"]

1. d4 d5 2. Nf3 Nf6 3. Bg5 e6 4. e3 h6 5. Bxf6 Qxf6 6. a3 Bd6 7. c4 c6 8. Nc3
Nd7 9. e4 dxe4 10. Nxe4 Qe7 11. Be2 O-O 12. Nxd6 Qxd6 13. O-O Re8 14. Re1 Nf8
15. Ne5 f6 16. Bh5 Re7 17. Ng6 Nxg6 18. Bxg6 Bd7 19. Qd3 Be8 20. Bxe8 Raxe8 21.
Re3 Kf7 22. g3 Rd8 23. Rd1 a6 24. Re2 Qc7 25. Qc3 Rdd7 26. Red2 b5 27. b3 Rd8
28. Qf3 Red7 29. d5 exd5 30. cxd5 cxd5 31. Rxd5 Rxd5 32. Rxd5 Rxd5 33. Qxd5+
1/2-1/2

[Event "MCR_KT34"]
[Site "?"]
[Date "2007.??.??"]
[Round "?"]
[White "Stepan, Josef"]
[Black "Petricek, Jiri"]
[Result "0-1"]
[WhiteElo "1600"]
[BlackElo "1502"]
[PlyCount "44"]
[EventDate "2007.??.??"]
[EventType "corr"]
[EventRounds "2"]
[SourceDate "2007.05.01"]

1. d4 Nf6 2. c4 e6 3. Nc3 d5 4. Bg5 Nbd7 5. e3 h6 6. Bxf6 Nxf6 7. Bd3 dxc4 8.
Bxc4 a6 9. Nf3 b5 10. Bd3 Bb7 11. a3 c5 12. dxc5 Bxc5 13. Rc1 Bd6 14. Nxb5 axb5
15. Bxb5+ Ke7 16. Bc6 Qa5+ 17. Qd2 Qxd2+ 18. Kxd2 Ne4+ 19. Ke2 Ba6+ 20. Ke1
Rac8 21. Nd4 Nc5 22. Rd1 Nd3+ 0-1

[Event "MCR_KT34"]
[Site "?"]
[Date "2007.??.??"]
[Round "?"]
[White "Petricek, Jiri"]
[Black "Masek, Frantisek"]
[Result "1-0"]
[WhiteElo "1502"]
[BlackElo "1864"]
[PlyCount "33"]
[EventDate "2007.??.??"]
[EventType "corr"]
[EventRounds "2"]
[SourceDate "2007.05.01"]

1. e4 e6 2. d4 d5 3. Nc3 Nf6 4. e5 Nfd7 5. Nf3 c5 6. Ne2 cxd4 7. Nexd4 Bc5 8.
c3 Nc6 9. Nxc6 bxc6 10. Bd3 Qc7 11. Bf4 O-O 12. Bxh7+ Kh8 13. O-O Kxh7 14. Ng5+
Kg8 15. Qh5 Re8 16. Qxf7+ Kh8 17. Qxe8+ 1-0

[Event "MCR_KT34"]
[Site "?"]
[Date "2007.??.??"]
[Round "?"]
[White "Lucan, Zdenko"]
[Black "Stepan, Josef"]
[Result "1/2-1/2"]
[WhiteElo "1751"]
[BlackElo "1600"]
[PlyCount "55"]
[EventDate "2007.??.??"]
[EventType "corr"]
[EventRounds "2"]
[SourceDate "2007.05.01"]

1. f4 d5 2. Nf3 g6 3. e3 Bg7 4. g3 Nc6 5. Bg2 Bg4 6. O-O Qd7 7. c3 O-O-O 8. d4
h5 9. Qe1 Bxf3 10. Bxf3 e6 11. h4 Nge7 12. Bd2 Nf5 13. Na3 f6 14. e4 dxe4 15.
Bxe4 Nce7 16. Nc2 e5 17. Qf2 exf4 18. Bxf4 Bh6 19. Bxh6 Rxh6 20. Bxf5 Nxf5 21.
Qf4 Rhh8 22. a3 Rhf8 23. Rac1 Qd6 24. Qxd6 Rxd6 25. Rf3 Rd7 26. Ne3 Nxe3 27.
Rxe3 Kd8 28. b4 1/2-1/2

[Event "MCR_KT34"]
[Site "?"]
[Date "2007.??.??"]
[Round "?"]
[White "Stepan, Josef"]
[Black "Lucan, Zdenko"]
[Result "1/2-1/2"]
[WhiteElo "1600"]
[BlackElo "1751"]
[PlyCount "54"]
[EventDate "2007.??.??"]
[EventType "corr"]
[EventRounds "2"]
[SourceDate "2007.05.01"]

1. d4 Nf6 2. c4 e6 3. Nc3 Bb4 4. e3 Bxc3+ 5. bxc3 O-O 6. Bd3 b6 7. Nf3 Bb7 8.
O-O d6 9. Nd2 Nbd7 10. e4 Re8 11. d5 e5 12. Re1 Nc5 13. Bc2 Bc8 14. h3 Bd7 15.
Ba3 c6 16. Bxc5 bxc5 17. Nf3 h6 18. Ba4 Qc7 19. Qc2 cxd5 20. cxd5 Bxa4 21. Qxa4
Nd7 22. Nh4 Nb6 23. Qd1 Nc8 24. Nf5 Ne7 25. Nxe7+ Rxe7 26. c4 f6 27. Rb1 a5
1/2-1/2

[Event "MCR_KT34"]
[Site "?"]
[Date "2007.??.??"]
[Round "?"]
[White "Petricek, Jiri"]
[Black "Lucan, Zdenko"]
[Result "1-0"]
[WhiteElo "1502"]
[BlackElo "1751"]
[PlyCount "57"]
[EventDate "2007.??.??"]
[EventType "corr"]
[EventRounds "2"]
[SourceDate "2007.05.01"]

1. e4 c6 2. Nc3 d5 3. Nf3 Bg4 4. h3 Bxf3 5. Qxf3 d4 6. Bc4 e6 7. Ne2 Bc5 8.
Bxe6 fxe6 9. Qh5+ g6 10. Qxc5 b6 11. Qxd4 Qxd4 12. Nxd4 e5 13. Nf3 Nd7 14. b3
O-O-O 15. Bb2 Re8 16. O-O-O Ngf6 17. d3 h6 18. Nh4 Rhg8 19. g4 c5 20. Kb1 Nxe4
21. dxe4 Ref8 22. Rd6 Rxf2 23. Nxg6 Kc7 24. Rhd1 Rf6 25. Rxd7+ Kc6 26. Nxe5+
Kb5 27. Rxa7 Rd8 28. c4+ Kb4 29. Ra4# 1-0

[Event "MCR_KT34"]
[Site "?"]
[Date "2007.??.??"]
[Round "?"]
[White "Stepan, Josef"]
[Black "Masek, Frantisek"]
[Result "1-0"]
[WhiteElo "1600"]
[BlackElo "1864"]
[PlyCount "59"]
[EventDate "2007.??.??"]
[EventType "corr"]
[EventRounds "2"]
[SourceDate "2007.05.01"]

1. d4 e6 2. e4 d5 3. Nd2 Nf6 4. e5 Nfd7 5. Bd3 c5 6. c3 Nc6 7. Ne2 cxd4 8. cxd4
Qb6 9. Nf3 f6 10. exf6 Nxf6 11. O-O Bd6 12. a3 O-O 13. Bf4 Kh8 14. Bxd6 Re8 15.
b4 Nxd4 16. Nexd4 Qxd6 17. Re1 Qb6 18. Bc2 e5 19. Nxe5 a5 20. Ndf3 axb4 21. Qd3
Qc7 22. axb4 Rxa1 23. Rxa1 Be6 24. Re1 Qe7 25. Ng5 Qxb4 26. Kf1 Qb6 27. Nxh7
Kg8 28. Nxf6+ gxf6 29. Qh7+ Kf8 30. Ng6# 1-0

[Event "MCR_KT34"]
[Site "?"]
[Date "2007.??.??"]
[Round "?"]
[White "Petricek, Jiri"]
[Black "Stepan, Josef"]
[Result "1/2-1/2"]
[WhiteElo "1502"]
[BlackElo "1600"]
[PlyCount "66"]
[EventDate "2007.??.??"]
[EventType "corr"]
[EventRounds "2"]
[SourceDate "2007.05.01"]

1. e4 d6 2. d4 Nf6 3. Nc3 g6 4. Nf3 Bg7 5. Bf4 Nbd7 6. e5 Nh5 7. Qd2 Nxf4 8.
Qxf4 O-O 9. O-O-O dxe5 10. dxe5 c6 11. Qb4 e6 12. h4 Qc7 13. Qe7 Bxe5 14. Nxe5
Qxe5 15. h5 gxh5 16. Rh3 Nf6 17. Rg3+ Ng4 18. Be2 f5 19. Qg5+ Kh8 20. f4 Qf6
21. Qxh5 Qh6 22. Qxh6 Nxh6 23. Rh1 Rf6 24. Rd1 Rf8 25. Na4 b6 26. Bf3 Bb7 27.
Rd7 Rf7 28. Rd6 Re7 29. Bxc6 Bxc6 30. Rxc6 Rd8 31. Re3 Red7 32. Re1 Ng4 33. Nc3
Nf6 1/2-1/2

[Event "MCR_KT34"]
[Site "?"]
[Date "2007.??.??"]
[Round "?"]
[White "Lucan, Zdenko"]
[Black "Petricek, Jiri"]
[Result "1-0"]
[WhiteElo "1751"]
[BlackElo "1502"]
[PlyCount "51"]
[EventDate "2007.??.??"]
[EventType "corr"]
[EventRounds "2"]
[SourceDate "2007.05.01"]

1. f4 d5 2. Nf3 Bf5 3. e3 e6 4. g3 Be7 5. Bg2 Nc6 6. Ne5 Qd6 7. Nxc6 Qxc6 8.
Nc3 O-O-O 9. O-O h5 10. d4 Nf6 11. Ne2 Bxc2 12. Qd2 Ne4 13. Bxe4 dxe4 14. Nc3
Bd3 15. Rf2 h4 16. Rg2 h3 17. Rf2 f5 18. a3 Kb8 19. b4 a6 20. Bb2 Rh6 21. Rc1
Qd7 22. Na2 g5 23. fxg5 Bxg5 24. Rc3 Qa4 25. Rxd3 exd3 26. Qxd3 1-0

[Event "MCR_KT34"]
[Site "?"]
[Date "2007.??.??"]
[Round "?"]
[White "Vins, Karel"]
[Black "Petricek, Jiri"]
[Result "1-0"]
[WhiteElo "1732"]
[BlackElo "1502"]
[PlyCount "53"]
[EventDate "2007.??.??"]
[EventType "corr"]
[EventRounds "2"]
[SourceDate "2007.05.01"]

1. d4 d5 2. Nf3 e6 3. g3 Nf6 4. Bg2 Bc5 5. dxc5 Nbd7 6. b4 a5 7. c3 e5 8. e3
O-O 9. O-O e4 10. Nd4 Ne5 11. h3 Qe7 12. b5 c6 13. a4 Nc4 14. Na3 Qxc5 15. Nxc4
Qxc4 16. Qb3 Qxb3 17. Nxb3 cxb5 18. axb5 a4 19. Nc5 b6 20. Na6 Bxa6 21. bxa6
Rxa6 22. Ba3 Rc8 23. Rfc1 h5 24. Bf1 Ra7 25. Bb5 Ra5 26. Be2 Raa8 27. Be7 1-0

[Event "MCR_KT34"]
[Site "?"]
[Date "2007.??.??"]
[Round "?"]
[White "Petricek, Jiri"]
[Black "Vins, Karel"]
[Result "1/2-1/2"]
[WhiteElo "1502"]
[BlackElo "1732"]
[PlyCount "58"]
[EventDate "2007.??.??"]
[EventType "corr"]
[EventRounds "2"]
[SourceDate "2007.05.01"]

1. e4 e5 2. Nf3 Nf6 3. d4 exd4 4. e5 Ne4 5. Qxd4 d5 6. exd6 Nxd6 7. Qe5+ Qe7 8.
Qxe7+ Bxe7 9. Nc3 c6 10. Bf4 O-O 11. O-O-O Ne8 12. Bc4 Bg4 13. Rhe1 Bf6 14. Ne4
Nd7 15. h3 Bxf3 16. gxf3 Be5 17. Bg3 Bxg3 18. fxg3 Ndf6 19. Ng5 h6 20. Bxf7+
Rxf7 21. Nxf7 Kxf7 22. Re5 Rc8 23. c4 Rc7 24. h4 g6 25. g4 Re7 26. Rxe7+ Kxe7
27. Re1+ Kf7 28. g5 hxg5 29. hxg5 Nh5 1/2-1/2

[Event "MCR_KT34"]
[Site "?"]
[Date "2007.??.??"]
[Round "?"]
[White "Masek, Frantisek"]
[Black "Petricek, Jiri"]
[Result "1-0"]
[WhiteElo "1864"]
[BlackElo "1502"]
[PlyCount "35"]
[EventDate "2007.??.??"]
[EventType "corr"]
[EventRounds "2"]
[SourceDate "2007.05.01"]

1. c4 c5 2. Nc3 Nf6 3. Nf3 Nc6 4. g3 e6 5. Bg2 d5 6. cxd5 exd5 7. d4 c4 8. Bg5
Be7 9. Ne5 O-O 10. O-O Be6 11. Rc1 h6 12. Bf4 Bd6 13. Re1 Bxe5 14. dxe5 Ng4 15.
Nxd5 g5 16. Be3 Bxd5 17. Bxd5 Nxe3 18. fxe3 1-0

[Event "MCR_KT34"]
[Site "?"]
[Date "2007.??.??"]
[Round "?"]
[White "Lucan, Zdenko"]
[Black "Vins, Karel"]
[Result "1/2-1/2"]
[WhiteElo "1751"]
[BlackElo "1732"]
[PlyCount "63"]
[EventDate "2007.??.??"]
[EventType "corr"]
[EventRounds "2"]
[SourceDate "2007.05.01"]

1. Nf3 Nf6 2. g3 d5 3. Bg2 c5 4. d3 e6 5. Bg5 Be7 6. Nbd2 Bd7 7. Ne5 h6 8. Bxf6
Bxf6 9. Ndf3 Qc7 10. Nxd7 Nxd7 11. c3 O-O 12. O-O Rab8 13. Rb1 b5 14. a3 a5 15.
b3 b4 16. cxb4 axb4 17. axb4 Rxb4 18. Qc2 Rfb8 19. Nd2 Be7 20. e4 d4 21. Nc4 e5
22. Bh3 f6 23. Bxd7 Qxd7 24. Rb2 Kh7 25. Qd2 Rxb3 26. Rfb1 Rxb2 27. Rxb2 Rb4
28. f4 Qc7 29. f5 Qb8 30. Rxb4 cxb4 31. Qb2 Qa7 32. Nd2 1/2-1/2

[Event "MCR_KT34"]
[Site "?"]
[Date "2007.??.??"]
[Round "?"]
[White "Vins, Karel"]
[Black "Lucan, Zdenko"]
[Result "1-0"]
[WhiteElo "1732"]
[BlackElo "1751"]
[PlyCount "57"]
[EventDate "2007.??.??"]
[EventType "corr"]
[EventRounds "2"]
[SourceDate "2007.05.01"]

1. d4 Nf6 2. c4 e6 3. Nc3 Bb4 4. Qc2 O-O 5. f3 d6 6. e4 Bxc3+ 7. Qxc3 b6 8. Bg5
Nbd7 9. e5 dxe5 10. dxe5 h6 11. Bxf6 gxf6 12. exf6 Qxf6 13. Qxf6 Nxf6 14. Bd3
c5 15. Ne2 Bb7 16. a4 e5 17. O-O Nh5 18. Bc2 a5 19. Rad1 f6 20. b3 Bc6 21. Rd6
Be8 22. Rfd1 Rb8 23. Kf2 Kg7 24. Ng3 Nxg3 25. Kxg3 Rb7 26. Re6 Rc7 27. Rdd6 Bd7
28. Rxf6 Be8 29. Rxh6 1-0

[Event "MCR_KT34"]
[Site "?"]
[Date "2007.??.??"]
[Round "?"]
[White "Zachoval, Milan"]
[Black "Masek, Frantisek"]
[Result "0-1"]
[WhiteElo "1600"]
[BlackElo "1864"]
[PlyCount "46"]
[EventDate "2007.??.??"]
[EventType "corr"]
[EventRounds "2"]
[SourceDate "2007.05.01"]

1. e4 e6 2. d4 d5 3. Nd2 c5 4. exd5 exd5 5. Ngf3 Nc6 6. Bb5 cxd4 7. Nxd4 Qe7+
8. Qe2 Qxe2+ 9. Kxe2 Bd7 10. Bxc6 bxc6 11. Re1 O-O-O 12. Kf1 Nf6 13. f3 Bd6 14.
g3 Rhe8 15. Rxe8 Rxe8 16. N2b3 c5 17. Ne2 Bb5 18. Bg5 Rxe2 19. Bxf6 Rxc2+ 20.
Kg1 gxf6 21. f4 c4 22. Nd4 Bc5 23. Rd1 Rxb2 0-1

[Event "MCR_KT34"]
[Site "?"]
[Date "2007.??.??"]
[Round "?"]
[White "Vins, Karel"]
[Black "Stepan, Josef"]
[Result "1/2-1/2"]
[WhiteElo "1732"]
[BlackElo "1600"]
[PlyCount "155"]
[EventDate "2007.??.??"]
[EventType "corr"]
[EventRounds "2"]
[SourceDate "2007.05.01"]

1. d4 d6 2. e4 Nf6 3. f3 g6 4. c4 Bg7 5. Nc3 O-O 6. Be3 Nc6 7. d5 Nb4 8. a3 Na6
9. Rc1 Nc5 10. b4 Na6 11. h3 c5 12. b5 Nc7 13. Bd3 e6 14. a4 exd5 15. cxd5 b6
16. Nge2 a6 17. O-O axb5 18. axb5 Ra5 19. Rb1 Nh5 20. Qe1 Bd7 21. g4 Nf6 22.
Bd2 Qe7 23. Qd1 Nfe8 24. Na4 Ra7 25. Nxb6 Rb7 26. Nxd7 Qxd7 27. b6 Na8 28. Ba5
Qd8 29. Qb3 Nf6 30. Ba6 Rb8 31. Nc3 Nd7 32. Na4 Bd4+ 33. Kg2 c4 34. Bxc4 Bxb6
35. Nxb6 Naxb6 36. Bb5 Nc5 37. Qe3 Qe7 38. Be2 Nbd7 39. Bc3 f6 40. Qd4 Qe5 41.
Qxe5 fxe5 42. Bd2 Kg7 43. Bg5 Nf6 44. Be3 Nfd7 45. Rb5 Ra8 46. Rfb1 Ra3 47. Bc1
Ra2 48. R1b2 Rfa8 49. Kg3 Kf7 50. Bc4 R2a3 51. Bb3 Nd3 52. Rb1 Nxc1 53. Rxc1
Nc5 54. Rb1 Kf6 55. Kg2 g5 56. Bd1 h6 57. R5b4 Rf8 58. Rb8 Ra8 59. Rxf8+ Rxf8
60. Be2 Rd8 61. Rb6 Ke7 62. Rb1 Kf6 63. Ra1 Ke7 64. Ra7+ Rd7 65. Rxd7+ Kxd7 66.
h4 Ke7 67. hxg5 hxg5 68. Kf2 Kf7 69. Bd1 Nd7 70. Ke2 Nf6 71. Kd3 Ke7 72. Kc4
Kd7 73. Kb5 Kc7 74. Ka6 Ne8 75. Ba4 Nf6 76. Ka7 Ng8 77. Ka6 Nf6 78. Ka5 1/2-1/2

[Event "MCR_KT34"]
[Site "?"]
[Date "2007.??.??"]
[Round "?"]
[White "Masek, Frantisek"]
[Black "Stepan, Josef"]
[Result "0-1"]
[WhiteElo "1732"]
[BlackElo "1600"]
[PlyCount "77"]
[EventDate "2007.??.??"]
[EventType "corr"]
[EventRounds "2"]
[SourceDate "2007.05.01"]

1. d4 Nf6 2. c4 g6 3. Nc3 Bg7 4. e4 d6 5. Nf3 O-O 6. Be2 e5 7. O-O Nc6 8. d5
Ne7 9. b3 Ne8 10. Bb2 f5 11. Bd3 fxe4 12. Nxe4 Bg4 13. Neg5 Bxf3 14. Nxf3 Nf5
15. Re1 Nh4 16. Be4 Nxf3+ 17. Bxf3 Nf6 18. a4 a5 19. Rc1 b6 20. Rc3 Qd7 21.
Rce3 Rae8 22. R3e2 Re7 23. Qc2 Qf5 24. Qxf5 gxf5 25. h3 Nd7 26. Bc1 f4 27. Ba3
Nf6 28. Kh2 Rfe8 29. g4 fxg3+ 30. Kxg3 Rf7 31. Rg1 Ref8 32. Ree1 Bh6 33. Rg2
Bf4+ 34. Kh4+ Kh8 35. Reg1 Ne8 36. Be4 Rf6 37. Rh1 Bd2 38. Kg3 Bf4+ 39. Kf3 {
Bily prekrocil cas} 0-1

[Event "MCR_KT34"]
[Site "?"]
[Date "2007.??.??"]
[Round "?"]
[White "Lucan, Zdenko"]
[Black "Masek, Frantisek"]
[Result "0-1"]
[WhiteElo "1751"]
[BlackElo "1864"]
[PlyCount "62"]
[EventDate "2007.??.??"]
[EventType "corr"]
[EventRounds "2"]
[SourceDate "2007.05.01"]

1. Nf3 c5 2. g3 Nc6 3. Bg2 d5 4. c3 e5 5. d3 Bd6 6. Nbd2 Nf6 7. h3 Bf5 8. Nh4
Be6 9. Nhf3 e4 10. dxe4 dxe4 11. Ng5 e3 12. Bxc6+ bxc6 13. Nde4 exf2+ 14. Nxf2
Bxg3 15. Qxd8+ Rxd8 16. Nxe6 fxe6 17. O-O Rf8 18. Bg5 Rd5 19. Bxf6 gxf6 20. Ne4
Be5 21. c4 Rd8 22. Rab1 f5 23. Rfd1 Rxd1+ 24. Rxd1 fxe4 25. b3 Bd4+ 26. Kh1 Rf2
27. Rd2 Be5 28. Rc2 Rh2+ 29. Kg1 Rxh3 30. Kf1 Bg3 31. Kg2 Rh6 0-1

[Event "MCR_KT34"]
[Site "?"]
[Date "2007.??.??"]
[Round "?"]
[White "Vins, Karel"]
[Black "Masek, Frantisek"]
[Result "0-1"]
[WhiteElo "1732"]
[BlackElo "1864"]
[PlyCount "56"]
[EventDate "2007.??.??"]
[EventType "corr"]
[EventRounds "2"]
[SourceDate "2007.05.01"]

1. d4 Nf6 2. c4 e6 3. Nc3 Bb4 4. Qc2 c5 5. e3 cxd4 6. exd4 Nc6 7. Nf3 d5 8. a3
Ba5 9. b4 Bb6 10. c5 Bc7 11. Bd3 O-O 12. Bg5 h6 13. Bh4 e5 14. dxe5 Nxe5 15.
Nxe5 Bxe5 16. Rd1 Bxc3+ 17. Qxc3 Ne4 18. Bxe4 Qxh4 19. Bxd5 Re8+ 20. Kf1 a5 21.
b5 Qa4 22. Rb1 Bf5 23. Rc1 Qxb5+ 24. Bc4 Qc6 25. Be2 Rxe2 26. Kxe2 Qxg2 27. Qe3
Rd8 28. Rhg1 Bg4+ 0-1

[Event "MCR_KT34"]
[Site "?"]
[Date "2007.??.??"]
[Round "?"]
[White "Masek, Frantisek"]
[Black "Zachoval, Milan"]
[Result "1/2-1/2"]
[WhiteElo "1864"]
[BlackElo "1600"]
[PlyCount "71"]
[EventDate "2007.??.??"]
[EventType "corr"]
[EventRounds "2"]
[SourceDate "2007.05.01"]

1. c4 c5 2. Nc3 Nc6 3. Nf3 Nf6 4. d4 cxd4 5. Nxd4 g6 6. e4 Bg7 7. Be3 O-O 8.
Be2 d6 9. O-O Bd7 10. b3 Nxd4 11. Bxd4 Bc6 12. f4 Nd7 13. Bxg7 Kxg7 14. Qd4+ f6
15. Rad1 Qb6 16. Rfe1 Qxd4+ 17. Rxd4 b6 18. g3 a5 19. Red1 Rfd8 20. Bg4 Nc5 21.
Kf2 Nd7 22. Nd5 Bxd5 23. exd5 f5 24. Bf3 h5 25. R4d3 Nc5 26. Re3 Ra7 27. Bg2
Re8 28. Rde1 Kf7 29. Rf1 Rb8 30. a4 Rc8 31. Rh1 Rh8 32. h4 Rc8 33. Rf1 Rac7 34.
Ke2 Na6 35. Bf3 Nb4 36. Kd2 1/2-1/2

[Event "MCR_KT34"]
[Site "?"]
[Date "2007.??.??"]
[Round "?"]
[White "Masek, Frantisek"]
[Black "Lucan, Zdenko"]
[Result "1-0"]
[WhiteElo "1864"]
[BlackElo "1751"]
[PlyCount "81"]
[EventDate "2007.??.??"]
[EventType "corr"]
[EventRounds "2"]
[SourceDate "2007.05.01"]

1. d4 Nf6 2. Nf3 b6 3. g3 Bb7 4. Bg2 e6 5. O-O d5 6. c3 Bd6 7. Bg5 h6 8. Bxf6
Qxf6 9. Na3 Bxa3 10. Qa4+ Nd7 11. Qxa3 a5 12. Rfc1 Qe7 13. Qxe7+ Kxe7 14. Rc2
Rac8 15. b4 axb4 16. cxb4 f6 17. a4 c6 18. a5 Ra8 19. Rca2 bxa5 20. bxa5 Ba6
21. Rc2 Rhc8 22. Rac1 Bb5 23. Ra1 Ra7 24. Nd2 Bxe2 25. Re1 Bb5 26. Bxd5 e5 27.
dxe5 fxe5 28. Nb3 Kd6 29. Rd1 Rcc7 30. Bxc6+ Ke7 31. Rxd7+ Rxd7 32. Bxb5 Rdb7
33. Bc4 Rb4 34. Kg2 Rxb3 35. Bxb3 Rxa5 36. Rc7+ Kf6 37. Kf3 g5 38. Kg4 Kg6 39.
Bc2+ Kf6 40. Rc6+ Kg7 41. Rg6+ 1-0

[Event "MCR_KT34"]
[Site "?"]
[Date "2007.??.??"]
[Round "?"]
[White "Masek, Frantisek"]
[Black "Vins, Karel"]
[Result "1-0"]
[WhiteElo "1864"]
[BlackElo "1732"]
[PlyCount "79"]
[EventDate "2007.??.??"]
[EventType "corr"]
[EventRounds "2"]
[SourceDate "2007.05.01"]

1. c4 e5 2. Nc3 Nf6 3. Nf3 Nc6 4. g3 g6 5. d3 Bg7 6. Bg5 h6 7. Bxf6 Bxf6 8. Bg2
d6 9. O-O O-O 10. a3 a6 11. Rc1 Ne7 12. b4 c6 13. Qd2 Kg7 14. d4 exd4 15. Ne4
Nf5 16. Bh3 Re8 17. Bxf5 Bxf5 18. Nxf6 Qxf6 19. Nxd4 Bh3 20. Rfd1 c5 21. Nc2
Rad8 22. Ne3 cxb4 23. axb4 Be6 24. Ra1 Rd7 25. Ra5 h5 26. Nd5 Bxd5 27. Rxd5 Qd8
28. c5 Re6 29. Rxd6 Rexd6 30. cxd6 Qf6 31. f4 Qe6 32. Qd4+ f6 33. e4 Kf7 34. e5
f5 35. Kf2 Qa2+ 36. Rd2 Qe6 37. Rb2 Qe8 38. Re2 Qe6 39. h3 Qe7 40. e6+ 1-0